Personnages dans la série Un Dos Tres - Statistiques

Statistiques générales
  • Ce quiz a été pris 237 fois
  • Le résultat moyen est 22 sur 37
Statistiques - réponses
Personnage % Correct
Lola Fernandez
99%
Pedro Salvador
99%
Roberto Arenales
97%
Ingrid Muñoz
96%
Silvia Jáuregui
95%
Juan Taberner
92%
Carmen Arranz
91%
Adela Ramos
87%
Cristobal Soto
84%
Diana de Miguel
81%
Marta Ramos
79%
Alicia Jauregui
77%
Jero Ruiz
71%
Antonio Mila
70%
Erika Sanz
68%
Pavel Rodriguez
64%
Gaspar Ruiz
63%
Jojo Jimenez
59%
Horacio Alonso
54%
Eva Ruiz
51%
Benito Lopez
49%
Irene Miro
49%
Paula Lacarino
47%
Luisa Ruiz
46%
Mariano Cuelar
45%
Roman Fernandez
41%
Junior Miguez
39%
Cristina
37%
Sonia
37%
Nacho Salinas
35%
Cesar Martin
33%
Claudia Romero
32%
Josè
32%
Rafael Torres
27%
Tania
19%
Ufo
18%
Victor Arenales
16%
Aucun quiz correspondant
Distribution des résultats
% des personnes avec chaque résultat
Percentile par nombre de réponses
Votre historique - résultats
Vous n’avez pas pris ce quiz